[Event "Mistrovstvi Cech mladeze v sachu 2019 - HD16"]
[Site "Prichovice u Korenova"]
[Date "2019.10.29"]
[Round "4"]
[White "Habenicht, Martin"]
[Black "Brozka, Karel"]
[Result "1-0"]
[WhiteElo "1839"]
[BlackElo "1940"]
[EventDate "2019.10.26"]

1. Nf3  Nf6  2. c4  e6
3. g3  Be7  4. Bg2
O-O  5. O-O  d5
6. d4  dxc4  7. Qc2  a6
8. a4  Nbd7  9. Qxc4
Nb6  10. Qc2  Nbd5
11. e4  Nb4  12. Qe2
b6  13. Nc3  a5
14. Rd1  Ba6  15. Qd2  c6
16. b3  Qc7  17. Qf4
Qxf4  18. Bxf4  Rac8
19. Ne5  Rfd8  20. Rac1
Nh5  21. Be3  Bd6
22. Nc4  Bxc4  23. bxc4
c5  24. d5  e5
25. Bh3  Rb8  26. Nb5  f6
27. Nxd6  Rxd6  28. f4
g6  29. fxe5  fxe5
30. Be6+  Kg7  31. Bg5
Nf6  32. Bxf6+  Kxf6
33. Rf1+  Kg7  34. Rf7+
Kh6  35. h4  Nd3
36. Rcf1  b5  37. axb5
a4  38. Ra7  Nb2
39. Rff7  Rh8  40. g4
g5  41. Rf6#  1-0

[Event "Mistrovstvi Cech mladeze v sachu 2019 - HD16"]
[Site "Prichovice u Korenova"]
[Date "2019.10.29"]
[Round "4"]
[White "Hofman, Krystof"]
[Black "Bartos, Vaclav"]
[Result "0-1"]
[WhiteElo "2089"]
[BlackElo "1921"]
[EventDate "2019.10.26"]

1. d4  Nf6  2. c4  e6
3. Nf3  Bb4+  4. Bd2
Qe7  5. g3  O-O
6. a3  Bxd2+  7. Qxd2  d6
8. Nc3  e5  9. d5
a5  10. Bg2  Nbd7
11. e4  Nc5  12. Qc2
Bd7  13. O-O  a4
14. Nd2  Ra5  15. Rae1
b5  16. f4  Re8
17. f5  bxc4  18. Nxc4  Raa8
19. Bf3  Reb8  20. g4
h6  21. Re2  Bb5
22. Nxb5  Rxb5  23. Rg2
Nfd7  24. g5  hxg5
25. h4  gxh4  26. Ne3
Rab8  27. f6  Qxf6
28. Bh5  Rxb2  29. Bxf7+
Kh8  30. Qd1  Rxg2+
31. Nxg2  Qh6  32. Rf5
Nf6  33. Qe1  Ncxe4
34. Nxh4  Ng5  35. Ng6+
Kh7  36. Rf2  Nxf7
37. Rh2  Kxg6  38. Rxh6+
gxh6  39. Qa5  Kg7
40. Qxc7  Rb3  41. Qc2
Rxa3  42. Qb2  Rg3+
43. Kh2  Rg4  44. Qa2
h5  45. Kh3  Ng5+
46. Kh2  Nf3+  47. Kh3
h4  48. Qf2  Rg3+
0-1

[Event "Mistrovstvi Cech mladeze v sachu 2019 - HD16"]
[Site "Prichovice u Korenova"]
[Date "2019.10.29"]
[Round "4"]
[White "Skypala, Ondrej"]
[Black "Jirousek, Jan"]
[Result "1/2-1/2"]
[WhiteElo "2016"]
[BlackElo "2034"]
[EventDate "2019.10.26"]

1. c4  c5  2. Nc3  Nc6
3. g3  Nf6  4. Bg2
g6  5. e3  Bg7
6. Nge2  O-O  7. O-O  d6
8. b3  Bg4  9. f3
Bd7  10. Bb2  Qc8
11. d4  Bh3  12. Qd2
Bxg2  13. Kxg2  Rd8
14. d5  Nb8  15. Nf4
Nbd7  16. Nd3  e6
17. dxe6  fxe6  18. Nf4
Nb6  19. Ne4  Nxe4
20. fxe4  Bxb2  21. Qxb2
e5  22. Ne2  Rf8
23. Nc3  Qc6  24. Qc2
Rxf1  25. Rxf1  Rf8
26. Rxf8+  Kxf8  27. Qd1
Qd7  28. a3  a6
29. Qd3  Ke7  30. h3  Qe6
31. Qf1  Qf6  32. Qe2
Qe6  33. Qf3  h5
34. Qf2  Qf6  35. Qe1
g5  36. g4  h4
37. Qd2  Qf7  38. Qd3  Qe6
39. Qf1  Qf6  40. Qf5
Kf7  41. Kf3  Kg7
42. Ke2  Qe7  43. Kd3
Kh6  44. Nd5  Nxd5
45. exd5  Kg7  46. Ke4
Qf6  47. Qd7+  Kh8
48. Qc8+  Kg7  49. Qf5
Qg6  50. Kf3  Qf6
51. b4  b6  52. bxc5
bxc5  53. Ke4  Qg6
54. Kf3  Qf6  55. e4
Qe7  56. Ke3  a5
57. Kd3  a4  58. Ke2
Kh6  59. Qf3  1/2-1/2

[Event "Mistrovstvi Cech mladeze v sachu 2019 - HD16"]
[Site "Prichovice u Korenova"]
[Date "2019.10.29"]
[Round "4"]
[White "Hejsek, Lukas"]
[Black "Krizek, Krystof"]
[Result "1-0"]
[WhiteElo "1887"]
[BlackElo "1980"]
[EventDate "2019.10.26"]

1. d4  d5  2. Nf3  Nf6
3. c4  e6  4. g3
dxc4  5. Bg2  Nc6
6. O-O  Bd6  7. Qa4
O-O  8. Qxc4  Rb8
9. Rd1  Qe7  10. Nc3
a6  11. e4  e5
12. Bg5  Nxd4  13. Nxd4  exd4
14. Nd5  Qe6  15. Qxd4
Nxd5  16. exd5  Qg6
17. Bd2  Re8  18. Re1
Bd7  19. Bc3  b6
20. b4  f6  21. Qd2
Rbd8  22. a3  Bc8
23. Bd4  Qf5  24. Rxe8+
Rxe8  25. Re1  Rd8
26. Be4  Qh5  27. Qd3
Bf8  28. Qc4  Qf7
29. Qc6  Rd6  30. Qc2
g6  31. Be3  g5
32. Rc1  f5  33. Bd3  f4
34. Bd4  Rh6  35. Qxc7
Qh5  36. h4  gxh4
37. Qxf4  hxg3  38. Qxg3+
Bg4  39. Be4  Bd6
40. f4  Kf7  41. Be5
Bf8  42. Rc7+  Ke8
43. Bg7  Bd6  44. Rc6
Bf5  45. Bxh6  Qd1+
46. Kh2  Bxe4  47. Qg8+
Kd7  48. Qe6+  1-0

[Event "Mistrovstvi Cech mladeze v sachu 2019 - HD16"]
[Site "Prichovice u Korenova"]
[Date "2019.10.29"]
[Round "4"]
[White "Stastny, Jakub"]
[Black "Rokos, Filip"]
[Result "1-0"]
[WhiteElo "1789"]
[BlackElo "2065"]
[EventDate "2019.10.26"]

1. d4  e6  2. c4  b6
3. e4  Bb7  4. Bd3
Nc6  5. Nf3 Nb4 6. O-O  Nxd3
7. Qxd3  Ne7  8. Re1
d6  9. Nc3  Qd7
10. Bd2  g6  11. b4  Bg7
12. a4  a5  13. bxa5
bxa5  14. Rab1  Ba6
15. d5  O-O  16. Nb5
exd5  17. exd5  Bb7
18. Re2  Nf5  19. Bf4
Rfe8  20. Rbe1  Rxe2
21. Rxe2  c6  22. dxc6
Qxc6  23. Bxd6  Nxd6
24. Nxd6  Rd8  25. Rd2
Ba6  26. Ng5  Rd7
27. Nge4  Be5 28. Qd5  Qxd5
29. Rxd5  Bxd6 30. Nf6+ Kf8  31.
Nxd7+  Ke7  32. Nb6 1-0

[Event "Mistrovstvi Cech mladeze v sachu 2019 - HD16"]
[Site "Prichovice u Korenova"]
[Date "2019.10.29"]
[Round "4"]
[White "Ret, Adam Josef"]
[Black "Merinsky, Vaclav"]
[Result "1-0"]
[WhiteElo "2047"]
[BlackElo "1728"]
[EventDate "2019.10.26"]

1. d4  Nf6  2. c4  g6
3. Nc3  Bg7  4. e4
d6  5. Bd3  O-O
6. Nge2  e5  7. d5 Nbd7  8. O-O
a5  9. Bg5  h6
10. Bd2  Ne8  11. Qc1  Kh7
12. Bc2  Nb6  13. b3
f5  14. exf5  Bxf5
15. Ng3  Bxc2  16. Qxc2
Nf6  17. Rae1  Nbd7
18. Nce4  Nxe4  19. Rxe4
Nf6  20. Re2  Qd7
21. Rfe1  b6  22. Qd3
Rae8  23. f3  Qf7
24. Qc2  Kh8  25. Be3
Kh7  26. Rf2  Qd7
27. Ref1  Qe7  28. Ne4
Nxe4  29. fxe4  Rxf2
30. Qxf2  Rf8  31. Qg3
h5  32. Qg5  Rxf1+
33. Kxf1  Qf8+  34. Ke2
Bh6  35. Qxh6+  Qxh6
36. Bxh6  Kxh6  37. h4
g5  38. g3  gxh4
39. gxh4  Kg6  40. Kd3
Kf7  41. Kc3  Ke7
42. b4  Kd7  43. bxa5
bxa5  44. Kb3  Kc8
45. Ka4  Kb7  46. Kxa5
c6  47. a3  cxd5
48. cxd5  1-0

[Event "Mistrovstvi Cech mladeze v sachu 2019 - HD16"]
[Site "Prichovice u Korenova"]
[Date "2019.10.29"]
[Round "4"]
[White "Hosnedl, Matyas"]
[Black "Zdechovsky, Tobias"]
[Result "1-0"]
[WhiteElo "1930"]
[BlackElo "1782"]
[EventDate "2019.10.26"]

1. d4  Nf6  2. Nf3  d5
3. e3  e6  4. Be2
c5  5. O-O  Nc6
6. Re1  Be7  7. Nbd2  O-O
8. Nf1  b6  9. c3
Bd6  10. Ng3  Qc7
11. b3  e5  12. dxe5
Nxe5  13. Qc2  Bb7
14. Bb2  Rad8  15. Red1
Bc6  16. Rac1  Rfe8
17. Ne1  Qb7  18. Nf5
Bb8  19. Nf3  d4
20. Nxe5  Rxe5  21. cxd4
Ree8  22. Nh4  Ne4
23. dxc5  Rxd1+  24. Rxd1
bxc5  25. Bf3  Qe7
26. Nf5  Qc7  27. Ng3
Nxg3  28. hxg3  Bxf3
29. gxf3  Re6  30. Qd3
Rd6  31. Qxd6  Qxd6
32. Rxd6  Bxd6  33. Kf1
f6  34. Ke2  Kf7
35. Kd3  h5  36. f4
Ke6  37. e4  h4
38. f5+  Kf7  39. gxh4  Bh2
40. Ba3  Bd6  41. Kc4
Kg8  42. Kd5  Bb8
43. Bxc5  Kh7  44. Bd6
1-0

[Event "Mistrovstvi Cech mladeze v sachu 2019 - HD16"]
[Site "Prichovice u Korenova"]
[Date "2019.10.29"]
[Round "4"]
[White "Kulhanek, Jachym"]
[Black "Hurtik, Matej"]
[Result "1-0"]
[WhiteElo "1777"]
[BlackElo "1924"]
[EventDate "2019.10.26"]

1. Nf3  Nf6  2. b3  g6
3. Bb2  Bg7  4. g3
c5  5. Bg2  Nc6
6. c4  O-O  7. O-O  Rb8
8. e3  e6  9. d3
b5  10. cxb5  Rxb5
11. d4  Ba6  12. Re1
c4  13. Ba3  Re8
14. bxc4  Ra5  15. c5
Ne4  16. Qc2  f5
17. Nfd2  Nxd4  18. exd4
Bxd4  19. Nxe4  fxe4
20. Bb2  Rxc5  21. Qd2
Bxb2  22. Qxb2 d5  23. Nd2
Qd6  24. Rad1  Qc7
25. Rc1  Rc8  26. Nb3
Rxc1  27. Rxc1  Qe7
28. Rxc8+  Bxc8  29. Bh3
Qg5  30. Qc3  Bd7
31. Nc5 1-0

[Event "Mistrovstvi Cech mladeze v sachu 2019 - HD16"]
[Site "Prichovice u Korenova"]
[Date "2019.10.29"]
[Round "4"]
[White "Vestfal, Jan"]
[Black "Cibulka, Josef"]
[Result "1/2-1/2"]
[WhiteElo "1748"]
[BlackElo "1908"]
[EventDate "2019.10.26"]

1. d4  Nf6  2. Bf4  c5
3. e3  g6  4. c3
b6  5. Nf3  Bg7
6. Nbd2  Nc6  7. e4  cxd4
8. cxd4  d5  9. e5
Nh5  10. Be3  O-O
11. Bb5  Nb8  12. h3
Bh8  13. g4  Ng7
14. Bh6  Bd7  15. Bxd7
Qxd7  16. Qe2  Rc8
17. O-O  Ne6  18. Nb3
Bg7  19. Bxg7  Kxg7
20. Nh4  Qa4  21. Qd2
Nc6  22. Rfd1  Nb4
23. f4  Nc2  24. Rac1
Qxa2  25. Rxc2  Qxb3
26. Rc3  Rxc3  27. bxc3
Nxf4  28. Rf1  Ne6
29. Kh2  a5  30. Nf5+
gxf5  31. gxf5  Nf8
32. Rg1+ Ng6 33. fxg6  hxg6  34.
Qg5  Qa3  35. Rg3  Re8
36. e6  Qd6  37. exf7
Kxf7  38. Kg2  Rh8
39. Rf3+  Ke8  40. Qg4
Kd8  41. Rf2  Kc7
42. Rb2  Rf8  43. Qe2
Kb7  44. Qb5  Qe6
45. Re2  Qd6  46. Rb2
Ra8  47. Qa4  Qc6
48. Qa3  Qd6  49. Qa4
Kc7  50. Re2  Qd7
51. Qa3  Re8  52. Qb3
Rh8  53. Re3  Rf8
54. Qa3  Rf7  55. Re5
e6  56. Qb2  Rf6
57. Qe2  b5  58. Qa2
Kb6  59. Qa3  Rf5
60. Qc5+  Ka6  61. Re2
Rg5+  62. Kh1 Rf5 63. Kg2  a4
64. Re3 Rf6  65. Re1  Rf5
66. Re3  Rh5  67. Rf3
Kb7 68. Rf6 Rg5+  69. Kh1  Ka6
70. Rf8  Kb7  71. Rf6  Rg3
72. Kh2  Re3  73. Kg2
Re2+  74. Kh1  Rb2
75. Qf8 Ka6 1/2-1/2

[Event "Mistrovstvi Cech mladeze v sachu 2019 - HD16"]
[Site "Prichovice u Korenova"]
[Date "2019.10.29"]
[Round "4"]
[White "Bauer, Jan"]
[Black "Ocelak, Jakub"]
[Result "0-1"]
[WhiteElo "1721"]
[BlackElo "1870"]
[EventDate "2019.10.26"]

1. d4  d5  2. Nf3  Nf6
3. e3  c5  4. c3
Nbd7  5. Bd3  g6
6. Nbd2  Bg7  7. O-O
O-O  8. Re1  b6
9. b3  Re8  10. Bb2  Bb7
11. Rc1  Rc8  12. Qe2
e5  13. dxe5  Ng4
14. Bb5  Re7  15. Bxd7
Qxd7  16. c4  Nxe5
17. Nxe5  Bxe5  18. Bxe5
Rxe5  19. Nf3  Re6
20. Rcd1  Rd6  21. cxd5
Rxd5  22. Rxd5  Qxd5
23. e4  Qe6  24. e5
Bxf3  25. Qxf3  Rd8
26. Qe3  Rd4  27. f4
Qf5  28. g3  Rd3
29. Qf2  Qd7  30. Re2
Qd5  31. Re1  Rf3
32. Qe2  Qd4+  33. Kg2
Rd3  34. Qf2  Qd5+
35. Kg1  Qd4  36. Qxd4
Rxd4  37. Kf2  Kf8
38. Ke2  Ke7  39. Rd1
Rxd1 40. Kxd1  Ke6  41. Ke2
g5  42. Ke3  Kf5
43. fxg5  Kxe5  44. g4
a6  45. h4  b5
46. h5  c4  47. bxc4  bxc4
48. a3  a5  49. g6
fxg6  50. hxg6  hxg6
51. a4  g5  52. Kd2
Kd4  53. Kc2  c3
54. Kc1  Kc4  55. Kc2
Kb4  56. Kc1  Kxa4
0-1

[Event "Mistrovstvi Cech mladeze v sachu 2019 - HD16"]
[Site "Prichovice u Korenova"]
[Date "2019.10.29"]
[Round "4"]
[White "Popovsky, Ondrej"]
[Black "Pors, Jaroslav"]
[Result "0-1"]
[WhiteElo "1690"]
[BlackElo "1850"]
[EventDate "2019.10.26"]

1. d4 Nf6 2. Nf3 g6 3. Bf4 Bg7 4. e3 O-O 5. h3 d6 6. c3 Nbd7 7. Nbd2 b6 8. Be2
Bb7 9. O-O Re8 10. a4 a5 11. Bh2 e5 12. dxe5 dxe5 13. Qc2 Qe7 14. Bb5 Red8 15.
Rfd1 Nd5 16. Bg3 f6 17. Bc4 Kh8 18. Nb3 c6 19. Nh4  f5
20. Nf3  Re8  21. e4 f4 22. Bh4
N5f6 23. Ng5 h6 24. Nf7+ Kh7 25. Bxf6 Nxf6 26. Rd2 b5 27. axb5 cxb5 28. Bxb5 Bxe4
29. Qd1 Qxf7 30. Bxe8 Qxe8 31. f3 Bf5 32. Nxa5 Qb5 33. Qa4 Qb6+ 34. Kh2 e4 35.
fxe4 Qe3 36. Qd1 Qg3+ 37. Kg1 Nxe4 38. Rd3 Qf2+ 39. Kh2 Ng5 40. b4 Be4 41. Rd2
Qg3+ 42. Kh1 f3 43. Qe1 fxg2+ 44. Kg1 Nxh3# 0-1

[Event "Mistrovstvi Cech mladeze v sachu 2019 - HD16"]
[Site "Prichovice u Korenova"]
[Date "2019.10.29"]
[Round "4"]
[White "Husa, Daniel"]
[Black "Handl, Petr"]
[Result "1-0"]
[WhiteElo "1832"]
[BlackElo "1662"]
[EventDate "2019.10.26"]

1. d4  d5  2. Nf3  Nf6
3. c4  e6  4. g3
Be7  5. Bg2  O-O
6. O-O  dxc4  7. Ne5
Nbd7  8. Nxc4  c6
9. Nc3  Nd5  10. e4
N5b6  11. Nxb6  Qxb6
12. Rb1  Nf6  13. Be3
Rd8  14. Qe2  Qc7
15. Rfd1  Bb4  16. Rbc1
Qe7  17. a3  Ba5
18. h3  h6  19. Qc4
Bb6  20. Na4  Bc7
21. d5  exd5  22. exd5
Bxg3  23. dxc6  Rxd1+
24. Rxd1  bxc6  25. Bc5
Bxf2+  26. Bxf2  Be6
27. Qc5  Qc7  28. Qxc6
Qxc6  29. Bxc6  Rb8
30. Bxa7  1-0

[Event "Mistrovstvi Cech mladeze v sachu 2019 - HD16"]
[Site "Prichovice u Korenova"]
[Date "2019.10.29"]
[Round "4"]
[White "Malkova, Adriana"]
[Black "Janouch, Jachym Stepan"]
[Result "0-1"]
[WhiteElo "1551"]
[BlackElo "1819"]
[EventDate "2019.10.26"]

1. e4  e5  2. f4  exf4
3. Nf3  h6  4. d4
g5  5. h4  Bg7
6. hxg5  hxg5  7. Rxh8  Bxh8
8. g3  d5  9. gxf4
g4  10. Ne5  Qh4+
11. Kd2  Qf2+  12. Kc3
Nf6  13. exd5  Nxd5+
14. Kb3  Bxe5  15. fxe5
Be6  16. c4  Ne3
17. Bxe3  Qxe3+  18. Qd3
Qxd3+  19. Bxd3  Nc6
20. d5  Nxe5  21. dxe6
Nxd3  22. exf7+  Kxf7
23. Nc3  Rg8  24. Rf1+
Ke6  25. Nd5  c6
26. Ne3  g3  27. Kc3
Nf2  28. Rg1  Ke5
29. Kd2  Kf4  30. Ng2+
Kg4  31. b4  Rf8
32. Ne3+  Kf3  33. Nf1
Rd8+  34. Kc3  Ne4+
35. Kb3  Kf2  36. Nxg3
Nxg3  37. Rc1  Rd7
38. Ka4  Ne4  39. Ka5
Rd3  40. Rc2+  Ke3
41. b5  b6+  42. Kb4
c5+  43. Ka4  Nc3+
44. Kb3  Nxb5+  0-1

[Event "Mistrovstvi Cech mladeze v sachu 2019 - HD16"]
[Site "Prichovice u Korenova"]
[Date "2019.10.29"]
[Round "4"]
[White "Ruzicka, Filip"]
[Black "Kacirek, Jakub"]
[Result "0-1"]
[WhiteElo "1792"]
[BlackElo "1532"]
[EventDate "2019.10.26"]

1. e4  c5  2. d4  cxd4
3. c3  g6  4. cxd4
d5  5. e5  Nc6
6. Nc3  Bg7  7. f4 Nh6  8. Nf3
Bg4  9. Bb5  Bxf3
10. Qxf3  O-O  11. Be3
e6  12. O-O  Rc8
13. g4  f6  14. Qg3
fxe5  15. fxe5  Qb6
16. Bxc6  Qxc6  17. Qh4
Rxf1+  18. Rxf1  Nf7
19. g5  Rf8  20. Qg4
Nd8  21. Rc1  Qe8
22. Ne2  Qf7  23. Nf4
h5  24. Qh3  Kh7
25. Bd2  Qd7  26. Rc5
Rf5  27. Qg3  Qe7
28. Nd3  Nc6  29. Qe3
Qf8  30. Kg2  Qf7
31. h4  Bf8  32. Rc1
Be7  33. b4  Bd8 34. Nc5
Bb6  35. a4  a5
36. b5  Nb4  37. Bxb4  axb4
38. Nb3  Rf4  39. a5
Re4  40. Qd2  Rg4+
41. Kh2  Rxh4+  42. Kg3
Rg4+  43. Kh2  Qf3 0-1

[Event "Mistrovstvi Cech mladeze v sachu 2019 - HD16"]
[Site "Prichovice u Korenova"]
[Date "2019.10.29"]
[Round "4"]
[White "Nemec, Jachym"]
[Black "Leksova, Sona"]
[Result "1-0"]
[WhiteElo "1845"]
[BlackElo "1386"]
[EventDate "2019.10.26"]

1. d4  d5  2. Nf3  Nf6
3. c4  e6  4. g3
c5  5. Bg2  Nc6
6. cxd5  Nxd5  7. O-O  Bd7
8. e4  Nf6  9. d5
exd5  10. exd5  Nb4
11. Re1+  Be6  12. Qa4+
Qd7  13. Qxd7+  Nxd7
14. dxe6  Nc2  15. exd7+
Kxd7  16. Rd1+  Ke7
17. Nc3  Nxa1  18. Nd5+
Kd6  19. Nb6+  Kc6
20. Nxa8  Be7  21. Ne5+
Kb5  22. Bf1+  c4
23. Bxc4+  Kc5  24. Rd5+
1-0

[Event "Mistrovstvi Cech mladeze v sachu 2019 - HD16"]
[Site "Prichovice u Korenova"]
[Date "2019.10.29"]
[Round "4"]
[White "Voriskova, Anna"]
[Black "Matejicek, Vojtech"]
[Result "1/2-1/2"]
[WhiteElo "1960"]
[BlackElo "1455"]
[PlyCount "99"]
[EventDate "2019.10.26"]

1. e4 c5 2. Nf3 Nc6 3. Bb5 g6 4. Bxc6 dxc6 5. h3 Bg7 6. d3 e5 7. Nc3 Ne7 8. Be3
b6 9. Qd2 h6 10. O-O-O Bb7 11. Nh2 Qc7 12. Ne2 O-O-O 13. Qc3 f5 14. Qa3 Kb8 15.
f4 Ka8 16. fxe5 Bxe5 17. Nf3 Bf6 18. Nf4 Bc8 19. exf5 Nxf5 20. Bd2 Qg7 21. g4
Nd4 22. Nxd4 Bxd4 23. Ne2 Be5 24. Nc3 Be6 25. Rde1 g5 26. Re2 Rhe8 27. Rhe1 Bf7
28. Qa6 Bg6 29. Qa4 Kb7 30. Qa3 Bg3 31. Rxe8 Rxe8 32. Rxe8 Bxe8 33. Ne4 Be5 34.
Qb3 Qe7 35. Bc3 Bxc3 36. Qxc3 Bg6 37. Qf6 Qxf6 38. Nxf6 Kc7 39. Kd2 Kd6 40. Ng8
h5 41. gxh5 Bxh5 42. Nf6 Bg6 43. Ne4+ Ke5 44. Ke3 Kf5 45. Nd6+ Ke5 46. Nc4+ Kd5
47. Kf3 Bf5 48. Ne3+ Ke5 49. Kg3 b5 50. Nd1 1/2-1/2

[Event "Mistrovstvi Cech mladeze v sachu 2019 - HD16"]
[Site "Prichovice u Korenova"]
[Date "2019.10.29"]
[Round "4"]
[White "Svejk, Martin"]
[Black "Muller, David"]
[Result "1-0"]
[WhiteElo "1858"]
[BlackElo "1481"]
[EventDate "2019.10.26"]
[PlyCount "45"]

1. d4 d5 2. c4 e6 3. Nc3 Nf6 4. cxd5 Nxd5 5. e4 Nxc3 6. bxc3 g6 7. Nf3 c5 8.
Bc4 Bg7 9. O-O Nc6 10. Bg5 Qb6 11. Rb1 Qc7 12. d5 Ne5 13. d6 Nxf3+ 14. gxf3 Qb8
15. Bb5+ Bd7 16. Bxd7+ Kxd7 17. Qa4+ Kc8 18. d7+ Kc7 19. d8=Q+ Rxd8 20. Bxd8+
Kxd8 21. Rfd1+ Ke7 22. Qd7+ Kf6 23. Rxb7 1-0

[Event "Mistrovstvi Cech 2019 - FIDE"]
[Site "?"]
[Date "2019.10.30"]
[Round "5.1"]
[White "Flajsman, Pavel"]
[Black "Hurdzan, Tomas"]
[Result "1/2-1/2"]
[BlackElo "2229"]
[WhiteElo "1887"]
[LiveChessVersion "1.4.8"]

1. d4 {[%clk 1:30:49]} Nf6 {[%clk 1:30:41]} 2. c4 {[%clk 1:31:13]} d6
{[%clk 1:30:44]} 3. Nc3 {[%clk 1:30:37]} Nbd7 {[%clk 1:30:56]} 4. Nf3
{[%clk 1:30:05]} e5 {[%clk 1:31:00]} 5. g3 {[%clk 1:29:23]} c6 {[%clk 1:29:34]}
6. Bg2 {[%clk 1:29:12]} e4 {[%clk 1:28:29]} 7. Ng5 {[%clk 1:24:37]} d5
{[%clk 1:28:45]} 8. cxd5 {[%clk 1:23:20]} cxd5 {[%clk 1:29:10]} 9. f3
{[%clk 1:23:04]} exf3 {[%clk 1:27:22]} 10. exf3 {[%clk 1:13:23]} h6
{[%clk 1:20:02]} 11. Nh3 {[%clk 1:13:42]} Be7 {[%clk 1:18:46]} 12. O-O
{[%clk 1:10:16]} O-O {[%clk 1:17:59]} 13. Nf4 {[%clk 1:05:20]} Nb6
{[%clk 1:17:03]} 14. Qd3 {[%clk 1:03:26]} Bb4 {[%clk 1:12:24]} 15. Nd1
{[%clk 0:49:49]} Bd6 {[%clk 1:10:53]} 16. b3 {[%clk 0:48:38]} Bd7
{[%clk 1:07:06]} 17. Bd2 {[%clk 0:47:03]} Nc8 {[%clk 0:58:58]} 18. Bh3
{[%clk 0:36:16]} Bxh3 {[%clk 0:51:12]} 19. Nxh3 {[%clk 0:36:39]} Qd7
{[%clk 0:50:40]} 20. Kg2 {[%clk 0:36:32]} Re8 {[%clk 0:49:56]} 21. Nc3
{[%clk 0:27:18]} Ne7 {[%clk 0:43:07]} 22. Bf4 {[%clk 0:20:32]} Nf5
{[%clk 0:38:30]} 23. Rae1 {[%clk 0:17:14]} Bxf4 {[%clk 0:36:54]} 24. Nxf4
{[%clk 0:17:17]} Rac8 {[%clk 0:34:12]} 25. Kf2 {[%clk 0:08:45]} g6
{[%clk 0:24:04]} 26. Rxe8+ {[%clk 0:08:22]} Rxe8 {[%clk 0:22:57]} 27. Re1
{[%clk 0:08:47]} Rxe1 28. Kxe1 Qd6 {[%clk 0:21:11]} 29. Kf2 {[%clk 0:08:34]} a6
{[%clk 0:20:51]} 30. Ng2 {[%clk 0:03:40]} Qa3 {[%clk 0:16:16]} 31. g4
{[%clk 0:01:52]} Qb2+ {[%clk 0:15:11]} 32. Ne2 {[%clk 0:02:12]} Ne7
{[%clk 0:13:22]} 33. a4 {[%clk 0:01:27]} Nc6 {[%clk 0:13:51]} 34. Ngf4
{[%clk 0:00:47]} Kg7 {[%clk 0:12:57]} 35. Qc3 {[%clk 0:00:33]} Qxc3
{[%clk 0:12:57]} 36. Nxc3 {[%clk 0:01:03]} Nxd4 {[%clk 0:13:20]} 37. b4
{[%clk 0:01:14]} h5 {[%clk 0:09:40]} 38. gxh5 {[%clk 0:01:09]} 1/2-1/2

[Event "Mistrovstvi Cech 2019 - FIDE"]
[Site "?"]
[Date "2019.10.30"]
[Round "5.2"]
[White "Petr, Jakub"]
[Black "Zizka, Petr"]
[Result "1-0"]
[BlackElo "2128"]
[WhiteElo "2288"]
[LiveChessVersion "1.4.8"]

1. e4 d6 2. d4 Nd7 3. Nf3 e5 4. Bc4 Nb6 5. Be2 Bg4 6. Nc3 Bxf3 7. Bxf3 Nf6 8. O-O
c6 9. a4 Be7 10. b3 O-O 11. Ba3 Re8 12. Qd3 Nbd7 13. Rad1 Qc7 14. d5 c5 15. Be2
Nf8 16. g3 Qc8 17. f4 exf4 18. gxf4 Ng6 19. Bb2 Bd8 20. Qf3 Ba5 21. Bd3 Qg4+ 22.
Qxg4 Nxg4 23. Rf3 a6 24. Ne2 Bd8 25. Rg3 Nf6 26. e5 Nh5 27. Rf3 Bc7 28. Bxg6 hxg6
29. Re3 b5 30. Kg2 bxa4 31. bxa4 Rab8 32. Bc3 1-0